| 000 -CABECERA |
| campo de control de longitud fija |
00518nam a2200193 a 4500 |
| 001 - NÚMERO DE CONTROL |
| campo de control |
$$a0000006588 |
| 005 - FECHA Y HORA DE LA ÚLTIMA TRANSACCIÓN |
| campo de control |
20200120221841.0 |
| 008 - DATOS DE LONGITUD FIJA--INFORMACIÓN GENERAL |
| campo de control de longitud fija |
990306m19911992espa gr 0 000 d |
| 020 ## - NÚMERO INTERNACIONAL ESTÁNDAR DEL LIBRO |
| Número Internacional Estándar del Libro |
84-329-8132-X |
| 082 04 - NÚMERO DE LA CLASIFICACIÓN DECIMAL DEWEY |
| Número de clasificación |
746.62 |
| Número de documento/Ítem |
K25 |
| 100 0# - ENTRADA PRINCIPAL--NOMBRE DE PERSONA |
| Nombre de persona |
Keller, Astrid |
| 245 10 - MENCIÓN DE TÍTULO |
| Título |
Pintura sobre seda: blusas y camisetas / |
| Mención de responsabilidad, etc. |
Astrid Keller. |
| 260 ## - PUBLICACIÓN, DISTRIBUCIÓN, ETC. |
| Lugar de publicación, distribución, etc. |
Barcelona |
| Nombre del editor, distribuidor, etc. |
Ceac |
| Fecha de publicación, distribución, etc. |
1991 1992 |
| 300 ## - DESCRIPCIÓN FÍSICA |
| Extensión |
31p. : il. |
| 490 ## - MENCIÓN DE SERIE |
| Mención de serie |
Hobby creativo |
| 650 14 - PUNTO DE ACCESO ADICIONAL DE MATERIA--TÉRMINO DE MATERIA |
| Término de materia o nombre geográfico como elemento de entrada |
TRABAJOS MANUALES |
| 650 14 - PUNTO DE ACCESO ADICIONAL DE MATERIA--TÉRMINO DE MATERIA |
| Término de materia o nombre geográfico como elemento de entrada |
ARTESANIAS |
| 650 14 - PUNTO DE ACCESO ADICIONAL DE MATERIA--TÉRMINO DE MATERIA |
| Término de materia o nombre geográfico como elemento de entrada |
ESRAMPADOS EN TELA |